A primal perspective on the philosophy of religion (Record no. 22794)

MARC details
000 -LEADER
fixed length control field 00611cam a2200193 a 4500
020 ## - INTERNATIONAL STANDARD BOOK NUMBER
ISBN 1402050135 (hd.bd. : alk. paper)
020 ## - INTERNATIONAL STANDARD BOOK NUMBER
ISBN 9781402050138 (hd.bd. : alk. paper)
082 00 - DEWEY DECIMAL CLASSIFICATION NUMBER
Classification number 200
Author Cutter SHA
100 1# - MAIN ENTRY--AUTHOR NAME
Author name Sharma, Arvind.
245 12 - TITLE STATEMENT
Title A primal perspective on the philosophy of religion
260 ## - PUBLICATION, DISTRIBUTION, ETC. (IMPRINT)
Place of publication Dordrecht :
Name of publisher Springer,
Year of publication 2006.
300 ## - PHYSICAL DESCRIPTION
Number of Pages xii, 245 p. ;
650 #0 - SUBJECT ADDED ENTRY--TOPICAL TERM
Topical Term Religion
650 #0 - SUBJECT ADDED ENTRY--TOPICAL TERM
Topical Term Philosophy and religion.
856 41 - ELECTRONIC LOCATION AND ACCESS
Uniform Resource Identifier http://www.loc.gov/catdir/toc/fy0712/2007273140.html
856 42 - ELECTRONIC LOCATION AND ACCESS
Uniform Resource Identifier http://www.loc.gov/catdir/enhancements/fy0824/2007273140-d.html
942 ## - ADDED ENTRY ELEMENTS (KOHA)
Koha item type Books
Holdings
Home library Current library Shelving location Date acquired Full call number Accession Number Koha item type
Henry Martyn Institute Library Henry Martyn Institute Library General stacks 10/24/2019 200 SHA 25673 Books
                   Copyright © 2026 | Henry Martyn Institute | Hyderabad | TS-500052 | INDIA | Implemented by hmi.edu.in
Hit-Count:

Powered by Koha